000
00351nam a2200157Ia 4500
008
221030s9999 xx 000 0 und d
020
_a
812032434X
041
_a
English
082
_a
105.23
100
_a
NIIT
245
0
_a
Character An Motion An Overview
260
_b
PHI
_a
New Delhi
_c
2004
300
_a
248
650
_a
Computers
942
_c
BK
999
_c
8729
_d
8729